Operaciones terrestres en las islas malvinas / francisco cervo ... [et al.]

Guardado en:
Otros Autores: Aguiar, Félix Roberto, coord., Cervo, Francisco, Balza, Martín Antonio, Machinandiarena, Francisco Eduardo, Dalton, Eugenio Alfredo
Formato: Libro
Publicado: Buenos Aires : Círculo Militar, 1983
Materias:
Etiquetas: Agregar Etiqueta
Sin Etiquetas, Sea el primero en etiquetar este registro!
LEADER 00968nam a22002655a 4500
001 EHU.bham044639
003 AR-BHAM
005 20170420145502.0
008 130507s1983##################000#0#####d
020 |a 9504306187 
082 9 8 |a 982.06 
245 0 0 |a Operaciones terrestres en las islas malvinas /  |b francisco cervo ... [et al.]  |c  Coord. Por Félix Roberto Aguiar : 
260 |a Buenos Aires :  |b Círculo Militar,  |c 1983 
300 |a 321 p. 
500 |a Coautores: Martín Antonio Balza, Francisco Eduardo Machinandiarena, Eugenio Alfredo Dalton 
653 |a Islas malvinas 
653 |a Malvinas-guerra de 
653 |a Historia argentina-guerra de malvinas 
653 |a Dictadura argentina 
700 1 |a Aguiar, Félix Roberto, coord. 
700 1 |a Cervo, Francisco 
700 1 |a Balza, Martín Antonio 
700 1 |a Machinandiarena, Francisco Eduardo 
700 1 |a Dalton, Eugenio Alfredo 
859 |a AR-BHAM  |b BIB. HUMANIDADES - General  |h 982.06  |i Op2  |p 35.17  |t Ej.1